000 00615nam a22001937a 4500
005 20130520105226.0
010 _aENG-107225
020 _a9788120347274
_c795.00
035 _aEN-90758
037 _bDBAD/PUB
082 _a621.398076
100 _aZacker, Craig
245 _aCompTIA Network + :
_cby Craig Zacker
_bexam N10-005 training kit /
260 _aNew Delhi
_bPHI Learning
_c2013
270 _aRijhim House, 111, Patparganj Industrial Estate
_bNew Delhi
_e110012
300 _axxii,679p.:
_bill.
_c24cm(pbk)
_e1CD-ROM
500 _aincludes index
942 _2ddc
_cEN
_h621.398076
_mZAC
999 _c75766
_d75766